MCU Movies By Battle Scenes - Easy - Statistics

General Stats
  • This quiz has been taken 730 times
  • The average score is 18 of 20
Answer Stats
Picture Answer % Correct
The Avengers
100%
Iron Man
99%
The Incredible Hulk
99%
Guardians of the Galaxy
97%
Doctor Strange
96%
Spider-Man: No Way Home
96%
Avengers: Age of Ultron
94%
Captain America: Civil War
94%
Avengers: Endgame
93%
Black Widow
93%
Shang-Chi and the Legend of the Ten Rings
93%
Avengers: Infinity War
92%
Black Panther
92%
Deadpool & Wolverine
91%
Thor: Ragnarok
91%
Ant-Man
90%
Thor: The Dark World
89%
Doctor Strange in the Multiverse of Madness
87%
The Marvels
78%
Eternals
75%
No matching quizzes found
Score Distribution
Percent of People with Each Score
Percentile by Number Answered
Your Score History
You have not taken this quiz